书目信息 |
| 题名: |
工程数学教程
|
|
| 作者: | 朱永银 , 易同贸 , 魏莹 主编 | |
| 分册: | ||
| 出版信息: | 武汉 华中科技大学出版社 2007.02 |
|
| 页数: | 201页 | |
| 开本: | 21cm | |
| 丛书名: | ||
| 单 册: | ||
| 中图分类: | TB11 | |
| 科图分类: | ||
| 主题词: | 工程数学--gong cheng shu xue--高等教育--教材 | |
| 电子资源: | ||
| ISBN: | 978-7-5609-3962-9 | |
| 000 | 01010nam0 2200265 450 | |
| 001 | 012008657427 | |
| 005 | 20080508153310.01 | |
| 010 | @a978-7-5609-3962-9@dCNY16.80 (含指导书) | |
| 100 | @a20080507d2007 em y0chiy0120 ea | |
| 101 | 0 | @achi |
| 102 | @aCN@b420000 | |
| 105 | @aak z 000yy | |
| 106 | @ar | |
| 200 | 1 | @a工程数学教程@Agong cheng shu xue jiao cheng@f朱永银, 易同贸, 魏莹主编@Fzhu yong yin,yi tong mao,wei ying zhu bian |
| 210 | @a武汉@c华中科技大学出版社@d2007.02 | |
| 215 | @a201页@c图@d21cm@e指导书1册 | |
| 300 | @a高职高专数学改革教材 | |
| 330 | @a本书分为五章,包括多元函数微积分、无穷级数、拉普拉斯变换、傅里叶变换以及行列式、矩阵与线性方程。每章分为五个部分,即内容提要、疑难解析、范例讲评、习题选解和综合练习。 | |
| 606 | 0 | @a工程数学@Agong cheng shu xue@x高等教育@j教材 |
| 690 | @aTB11@v4 | |
| 701 | 0 | @a朱永银@Azhu yong yin@4主编 |
| 701 | 0 | @a易同贸@Ayi tong mao@4主编 |
| 701 | 0 | @a魏莹@Awei ying@4主编 |
| 801 | 0 | @aCN@bQSSK@c20080508 |
| 905 | @b705929-31@dTB11@eZ898@f3 | |
| 工程数学教程/朱永银, 易同贸, 魏莹主编.-武汉:华中科技大学出版社,2007.02 |
| 201页:图;21cm+指导书1册 |
| 高职高专数学改革教材 |
| ISBN 978-7-5609-3962-9:CNY16.80 (含指导书) |
| 本书分为五章,包括多元函数微积分、无穷级数、拉普拉斯变换、傅里叶变换以及行列式、矩阵与线性方程。每章分为五个部分,即内容提要、疑难解析、范例讲评、习题选解和综合练习。 |
| ● |
| 相关链接 |
|
|
|
正题名:工程数学教程
索取号:TB11/Z898
 
预约/预借
| 序号 | 登录号 | 条形码 | 馆藏地/架位号 | 状态 | 备注 |
| 1 | 705929 | 207059298 | 期刊室512/501自科库 1排4列2层/ [索取号:TB11/Z898] | 在馆 | |
| 2 | 705930 | 207059305 | 自科库501/501自科库 1排4列2层/ [索取号:TB11/Z898] | 在馆 | |
| 3 | 705931 | 207059314 | 自科库501/501自科库 1排4列2层/ [索取号:TB11/Z898] | 在馆 |